Oraciones Fúnebres
Salvato in:
| Autore principale: | |
|---|---|
| Natura: | Libro |
| Lingua: | spagnolo |
| Pubblicazione: |
Buenos Aires
Difusión
1945
|
| Edizione: | 1a. ed |
| Serie: | Obras Mestras del Catolicismo, 28
|
| Soggetti: | |
| Tags: |
Aggiungi Tag
Nessun Tag, puoi essere il primo ad aggiungerne!!
|
MARC
| LEADER | 00000cam a2200000 a 4500 | ||
|---|---|---|---|
| 001 | UCE9880 | ||
| 003 | CL-VaPUC | ||
| 008 | 151106e19450000ag |||||||||||||||||spa|d | ||
| 082 | 0 | 4 | |a 242.3 |b BOS |2 21 |
| 100 | 0 | |a Bossuet, Santiago Benigno |e author |9 582849 | |
| 245 | 1 | 0 | |a Oraciones Fúnebres |
| 250 | |a 1a. ed | ||
| 300 | |a 227 p | ||
| 942 | |c BK | ||
| 945 | |d 20151106 14:16:00 |a gsalatino | ||
| 260 | |a Buenos Aires |b Difusión |c 1945 | ||
| 650 | 7 | |a ORACIONES FUNEBRES |2 CL-VaPUC |9 509701 | |
| 650 | 7 | |a NECROLOGIA |2 CL-VaPUC |9 504408 | |
| 583 | |a last modification |c 20151106 14:16:00 |k Rodrigo Vera | ||
| 490 | 0 | |a Obras Mestras del Catolicismo, 28 | |
| 999 | |c 361523 |d 361521 | ||
| 952 | |0 0 |1 0 |3 erb |4 0 |6 242_300000000000000_BOS_1945 |7 0 |8 P |9 472106 |a BIBTEO |b BIBTES |c TEO_FTES |i 5209048 |o 242.3 BOS 1945 |p 5209048 |r 2024-01-18 |w 2019-11-24 |y BK |z Catalogado en:20151106 |k ICR | ||